| 000 | 00981cam a2200217 4500 | ||
|---|---|---|---|
| 001 | WB4024-11 | ||
| 008 | 040621n2004 000 0 eng u | ||
| 035 | _a(Sirsi) u126545 | ||
| 245 | _aIndustry bodies make case for flexible UK REIT | ||
| 260 | _c2004 | ||
| 490 |
_aProperty Week _v69(25) 18 June 2004, 2(1) |
||
| 520 | _aRICS, British Property Federation and the Investment Property Forum have issued their vision for the structure of a UK real estate investment trust (REIT). The structure should be simple to help promote the development of healthy, viable commercial and residential real estate business. It is suggested that REITs could be listed on the stock market although this should not be obligatory. REITs are likely to be introduced by April 2005. | ||
| 590 | _aWB | ||
| 590 | _aWB | ||
| 650 | _aREITS | ||
| 650 | _aRICS | ||
| 650 | _aBPF | ||
| 650 | _aABOUT RICS-RELATED ORGANISATIONS-INVESTMENT PROPERTY FORUM | ||
| 690 | _aINVESTMENT | ||
| 942 | _n0 | ||
| 999 |
_c117563 _d117563 |
||